• 首页
  • 本馆介绍
  • 公告通知
  • 最新文献
  • 馆藏检索
  • 电子资源
  • 读者导购
  • 参考咨询
  • 我的图书馆
  • 登录
  • 详细信息显示
  • 放入我的书架
  • 预约/预借图书
  • 作者相关作品
  • 分类相关作品
  • 丛书相关作品
  • 出版社相关作品

书目信息

  • 表格格式
  • 工作单格式
  • 卡片格式
题名:
天网
    
 
作者: 赵阳 , 赵辉 编著
分册:  
出版信息: 石家庄   河北人民出版社  1998
页数: 410页
开本: 20cm
丛书名: 世界安全情报机构纪实
单 册:
中图分类: I25 , D523.36
科图分类:
主题词: 报告文学--中国--现代 , 报告文学
电子资源:
ISBN: 7-202-02262-1
000 00896oam2 2200301 450
001 1260206946
005 20121013164356.46
010    @a7-202-02262-1@dCNY20
100    @a19980915d1998 em y0chiy0110 ea
101 0  @achi
102    @aCN@b130000
105    @af z 000zd
200 1  @a天网@Atian wang@e国际刑警组织行动档案@f赵阳,赵辉编著
210    @a石家庄@c河北人民出版社@d1998
215    @a410页@c照片@d20cm
225 2  @a世界安全情报机构纪实
461  0 @12001 @a世界安全情报机构纪实
517 1  @a国际刑警组织行动档案@Aguo ji xing jing zu zhi xing dong dang an
601 0  @a国际刑事警察组织@x史料
601 0  @2CT@3S906131@a国际刑事警察组织
606 0  @a报告文学@y中国@z现代
606 0  @a报告文学
690    @aI25@v3
690    @aD523.36@v3
701  0 @a赵阳@Azhao yang@4编著
701  0 @a赵辉@Azhao hui@4编著
801  0 @aCN@bNLC@c20101222
905    @a10447@dI25@eJY178
    
    天网:国际刑警组织行动档案/赵阳,赵辉编著.-石家庄:河北人民出版社,1998
    410页:照片;20cm.-(世界安全情报机构纪实)
    
    
    ISBN 7-202-02262-1:CNY20
    
●
相关链接 在E读中查询图书 在五车中查询图书 在当当中查询图书 在豆瓣中查询图书


正题名:天网     索取号:I25/JY178         预约/预借

序号 登录号 条形码 馆藏地/架位号 状态 备注
1 7817867   278178678   学院路分馆/ [索取号:I25/JY178] 在馆    
2 7817868   278178687   学院路分馆/ [索取号:I25/JY178] 在馆    
3 7817869   278178696   学院路分馆/ [索取号:I25/JY178] 在馆    
4 7817870   278178703   学院路分馆/ [索取号:I25/JY178] 在馆    
唐山师范学院图书馆 欢迎您!
大连网信软件有限公司© 版权所有